History Quiz

Random History or Letter Quiz

Absent Letter UK Prime Ministers Quiz Stats

 Plays Quiz Updated Mar 23, 2020

Support Sporcle.
Go Orange.
Score 0/13 Timer 01:00
9 Plays Today
% Correct
???
92.5%
???
83.8%
???
83.4%
???
82.3%
???
82.1%
???
81.6%
???
80.7%
???
79.8%
???
79%
???
77.8%
???
77.7%
???
70.7%
???
69.6%

From the Vault

Quotable Slogans

by gloucester

Now don't quote us on this, but this quiz is filled with slogans.
Remove Ads.
Support Sporcle.
Get the best of Sporcle when you Go Orange. This ad-free experience offers more features, more stats, and more fun while also helping to support Sporcle. Thank you for becoming a member.

Show Comments

Extras

Top Quizzes Today


Score Distribution

Your Account Isn't Verified!

In order to create a playlist on Sporcle, you need to verify the email address you used during registration. Go to your Sporcle Settings to finish the process.

Report this User

Report this user for behavior that violates our Community Guidelines.

Details: